000 00255nam a2200097Ia 4500
001 967721
005 20250826220329.0
008 250824s9999 xx 000 0 und d
245 0 _aHAYATA DÖN
_cGÜLSEREN BUDAYICIOĞLU
260 _bREMZİ KİTABEVİ YAYINLARI
999 _c967721
_d967721